000 00280nam a2200109Ia 4500
005 20251222154354.0
008 251222s9999||||xx |||||||||||||| ||spa||
020 _a84-7700-094-8
082 _a938/S26
245 0 _aHistoria universal: La antigüedad y el mundo griego
942 _cLIB
999 _c35012
_d35012